000 00578nam a22001937a 4500
003 OSt
005 20151014124402.0
008 130620t xxu||||| |||| 00| 0 eng d
020 _a9608808731
050 _aD 21
_b.T658 2006
082 _aIB 320.1
_bT59 2006
100 _aTomkinson, John.
245 _aSingle-party states :
_cJohn L. Tomkinson.
_bthemes in twentieth century world history for the international baccalaureate /
260 _aAthens, Greece :
_bAnagnosis,
_cc2006.
300 _a174 p. ;
_c24 cm.
942 _2lcc
_cBK
999 _c2939
_d2939